| 000 | 00592nam a2200217Ia 4500 | ||
|---|---|---|---|
| 003 | OSt | ||
| 005 | 20250207160219.0 | ||
| 008 | 210707s1981 xx 000 0 und d | ||
| 040 | _cAL | ||
| 041 | _ahin | ||
| 082 | _aH491.3 BAHB | ||
| 100 |
_aBAHRI (Hardev) _9198421 |
||
| 110 |
_bबहरी (हरदेव) _9198422 |
||
| 245 |
_aBhojpuri shabda sampada: _bभोजपूरी शब्द संपदा |
||
| 260 |
_aIlahabad _bSmrati Prakashan _c1981 |
||
| 300 | _a14138 p | ||
| 365 |
_b20 _cINR |
||
| 563 | _aHB | ||
| 650 |
_aHindi Dictionary _9198423 |
||
| 942 |
_2ddc _cBK |
||
| 999 |
_c180075 _d180075 |
||